<?xml version="1.0" encoding="UTF-8"?><?xml-stylesheet type="text/xsl" href="static/style.xsl"?><OAI-PMH xmlns="http://www.openarchives.org/OAI/2.0/" xmlns:xsi="http://www.w3.org/2001/XMLSchema-instance" xsi:schemaLocation="http://www.openarchives.org/OAI/2.0/ http://www.openarchives.org/OAI/2.0/OAI-PMH.xsd"><responseDate>2026-04-13T07:21:34Z</responseDate><request verb="GetRecord" identifier="oai:www.recercat.cat:10230/41690" metadataPrefix="marc">https://recercat.cat/oai/request</request><GetRecord><record><header><identifier>oai:recercat.cat:10230/41690</identifier><datestamp>2025-12-20T16:55:43Z</datestamp><setSpec>com_2072_6</setSpec><setSpec>col_2072_452952</setSpec></header><metadata><record xmlns="http://www.loc.gov/MARC21/slim" xmlns:dcterms="http://purl.org/dc/terms/" xmlns:xsi="http://www.w3.org/2001/XMLSchema-instance" xmlns:doc="http://www.lyncode.com/xoai" xsi:schemaLocation="http://www.loc.gov/MARC21/slim http://www.loc.gov/standards/marcxml/schema/MARC21slim.xsd">
   <leader>00925njm 22002777a 4500</leader>
   <datafield ind2=" " ind1=" " tag="042">
      <subfield code="a">dc</subfield>
   </datafield>
   <datafield ind2=" " ind1=" " tag="720">
      <subfield code="a">Bertalmío, Marcelo</subfield>
      <subfield code="e">author</subfield>
   </datafield>
   <datafield ind2=" " ind1=" " tag="720">
      <subfield code="a">Levine, Stacey</subfield>
      <subfield code="e">author</subfield>
   </datafield>
   <datafield ind2=" " ind1=" " tag="260">
      <subfield code="c">2019-06-03T13:20:31Z</subfield>
   </datafield>
   <datafield ind2=" " ind1=" " tag="260">
      <subfield code="c">2019-06-03T13:20:31Z</subfield>
   </datafield>
   <datafield ind2=" " ind1=" " tag="260">
      <subfield code="c">2013</subfield>
   </datafield>
   <datafield ind2=" " ind1=" " tag="520">
      <subfield code="a">When taking pictures of a dark scene with artificial lighting, ambient light is not sufficient for most cameras to obtain both accurate color and detail information. The exposure bracketing feature usually available in many camera models enables the user to obtain a series of pictures taken in rapid succession with different exposure times; the implicit idea is that the user picks the best image from this set. But in many cases, none of these images is good enough; in general, good brightness and color information are retained from longer-exposure settings, whereas sharp details are obtained from shorter ones. In this paper, we propose a variational method for automatically combining an exposure-bracketed pair of images within a single picture that reflects the desired properties of each one. We introduce an energy functional consisting of two terms, one measuring the difference in edge information with the short-exposure image and the other measuring the local color difference with a warped version of the long-exposure image. This method is able to handle camera and subject motion as well as noise, and the results compare favorably with the state of the art.</subfield>
   </datafield>
   <datafield ind2=" " ind1=" " tag="520">
      <subfield code="a">The first author acknowledges partial support by AACC project, reference TIN2011-15954-E, and by the ERC Starting Grant “Image Processing for Enhanced Cinematography.” The second author is funded in part by NSF-DMS #0915219.</subfield>
   </datafield>
   <datafield tag="653" ind2=" " ind1=" ">
      <subfield code="a">Color  transfer</subfield>
   </datafield>
   <datafield tag="653" ind2=" " ind1=" ">
      <subfield code="a">Image  denoising</subfield>
   </datafield>
   <datafield tag="653" ind2=" " ind1=" ">
      <subfield code="a">Image  fusion</subfield>
   </datafield>
   <datafield tag="653" ind2=" " ind1=" ">
      <subfield code="a">Variational  methods</subfield>
   </datafield>
   <datafield ind2="0" ind1="0" tag="245">
      <subfield code="a">Variational approach for the fusion of exposure bracketed pairs</subfield>
   </datafield>
</record></metadata></record></GetRecord></OAI-PMH>